[Event "GER CupT 1819 prel7"]
[Site "Ortenburg"]
[Date "2019.01.27"]
[Round "2.4"]
[White "Lahouel, Kim Luca"]
[Black "Stadler, Alexander"]
[Result "0-1"]
[WhiteElo "1946"]
[BlackElo "2179"]
[PlyCount "108"]
[EventDate "2019.01.26"]
[EventType "team-k.o."]
[EventRounds "2"]
[EventCountry "GER"]
[SourceTitle "EXT 2021"]
[Source "ChessBase"]
[SourceDate "2020.10.23"]
[SourceVersion "1"]
[SourceVersionDate "2020.10.23"]
[SourceQuality "1"]
[WhiteTeam "Heilbronn"]
[BlackTeam "Ortenburg"]
[WhiteTeamCountry "GER"]
[BlackTeamCountry "GER"]

1. e4 e5 2. Nf3 Nf6 3. Nxe5 d6 4. Nf3 Nxe4 5. Nc3 Nf6 6. d4 Be7 7. Bd3 0-0 8. 0-0 Re8 9. Re1 Bg4 10. d5 Nbd7 11. h3 Bxf3 12. Qxf3 Ne5 13. Qd1 Nxd3 14. Qxd3 Bf8 15. Bg5 Be7 16. Qc4 Qd7 17. Re2 h6 18. Bd2 Bf8 19. Rae1 Rxe2 20. Rxe2 c6 21. Bf4 Rc8 22. Qd3 c5 23. Ne4 Qf5 24. Bxd6 Nxd5 25. Qg3 Rd8 26. Bxf8 Kxf8 27. Qh4 f6 28. Nxc5 Nf4 29. Re1 Rd4 30. Qg3 Qxc5 31. Qe3 Kg8 32. c3 Qd5 33. f3 Qg5 34. g4 Nxh3+ 35. Kh2 Qxe3 36. Rxe3 Rd2+ 37. Kxh3 Rxb2 38. Re7 a5 39. c4 b6 40. Rb7 Rb4 41. Kg3 Rxc4 42. Rxb6 Rc2 43. Kf4 Rxa2 44. Kf5 Kh7 45. Ra6 a4 46. Ra7 Ra1 47. Ra8 a3 48. Ke6 Kg6 49. Ke7 a2 50. Kf8 h5 51. Ra7 hxg4 52. fxg4 Kh6 53. Kf7 Kg5 54. Ra4 g6 0-1

[Event "GER CupT 1819 prel7"]
[Site "Ortenburg"]
[Date "2019.01.26"]
[Round "1.4"]
[White "Rempel, Patrick"]
[Black "Lahouel, Kim Luca"]
[Result "0-1"]
[WhiteElo "2149"]
[BlackElo "1946"]
[PlyCount "76"]
[EventDate "2019.01.26"]
[EventType "team-k.o."]
[EventRounds "2"]
[EventCountry "GER"]
[SourceTitle "EXT 2021"]
[Source "ChessBase"]
[SourceDate "2020.10.23"]
[SourceVersion "1"]
[SourceVersionDate "2020.10.23"]
[SourceQuality "1"]
[WhiteTeam "Ilmenau"]
[BlackTeam "Heilbronn"]
[WhiteTeamCountry "GER"]
[BlackTeamCountry "GER"]

1. g3 d5 2. Bg2 e5 3. c4 d4 4. d3 Nf6 5. Nf3 Nc6 6. 0-0 Be7 7. e3 0-0 8. exd4 exd4 9. Na3 Bc5 10. Re1 Re8 11. Rxe8+ Qxe8 12. Nb5 Qd8 13. Bf4 Ne8 14. Ng5 Qe7 15. Qh5 Nf6 16. Qh4 Bb6 17. Be4 h6 18. Re1 hxg5 19. Bxg5 Bf5 20. Bxf6 gxf6 21. Kg2 Qe6 22. g4 Bxe4+ 23. Rxe4 Ne5 24. c5 Qd5 25. Qxf6 Nxd3 26. f3 Qxc5 27. Nxd4 Qc1 28. Ne2 Qd2 29. Re7 Rf8 30. Kh3 Qxb2 31. Nc3 Nf4+ 32. Kg3 Ng6 33. Re2 Qa1 34. h4 c6 35. h5 Qg1+ 36. Rg2 Bc7+ 37. f4 Bxf4+ 38. Kf3 Qe3# 0-1

[Event "Oberliga Wuerttemberg 1819"]
[Site "Wuerttemberg"]
[Date "2019.01.13"]
[Round "5"]
[White "Hosticka, Frantisek"]
[Black "Lahouel, Kim Luca"]
[Result "1/2-1/2"]
[WhiteElo "2087"]
[BlackElo "1937"]
[PlyCount "82"]
[EventDate "2018.09.23"]
[EventType "team-tourn"]
[EventRounds "9"]
[EventCountry "GER"]
[SourceTitle "EXT 2020"]
[Source "ChessBase"]
[SourceDate "2019.10.17"]
[SourceVersion "1"]
[SourceVersionDate "2019.10.17"]
[SourceQuality "1"]
[WhiteTeam "Weiler im Allgaeu"]
[BlackTeam "Heilbronn"]
[WhiteTeamCountry "GER"]
[BlackTeamCountry "GER"]

1. e4 e5 2. Bc4 Nc6 3. c3 Nf6 4. Qe2 Bc5 5. Nf3 0-0 6. Bb3 d5 7. d3 Bg4 8. h3 Bh5 9. Nbd2 Re8 10. 0-0 Bg6 11. g4 Qd7 12. Nh4 dxe4 13. dxe4 Rad8 14. Bc2 h5 15. Nf5 hxg4 16. hxg4 Bxf5 17. gxf5 Qc8 18. Kg2 Kf8 19. Bb3 Qd7 20. Bc2 Bd6 21. Rh1 Ke7 22. Nc4 Rg8 23. Kf1 Rh8 24. Rg1 Rdg8 25. Bg5 Ke8 26. Bxf6 gxf6 27. Rxg8+ Rxg8 28. Qh5 Qe7 29. Ne3 Qf8 30. Nd5 Qg7 31. Ke2 Ne7 32. Bb3 Nxd5 33. Bxd5 c6 34. Rg1 Qxg1 35. Qxf7+ Kd8 36. Qxg8+ Qxg8 37. Bxg8 Kc7 38. Kf3 Bf8 39. Kg4 Bh6 40. Kh5 Bg5 41. Kg6 Kd6 1/2-1/2

[Event "Stuttgart-chA int"]
[Site "Ditzingen"]
[Date "2018.05.11"]
[Round "3"]
[White "Lahouel, Kim Luca"]
[Black "Partik, Markus"]
[Result "1-0"]
[WhiteElo "1736"]
[BlackElo "1958"]
[PlyCount "45"]
[EventDate "2018.05.10"]
[EventType "swiss"]
[EventRounds "7"]
[EventCountry "GER"]
[SourceTitle "EXT 2020"]
[Source "ChessBase"]
[SourceDate "2019.10.17"]
[SourceVersion "1"]
[SourceVersionDate "2019.10.17"]
[SourceQuality "1"]

1. e4 c5 2. c3 d5 3. exd5 Qxd5 4. d4 Nc6 5. Nf3 Bg4 6. Be2 cxd4 7. cxd4 Qa5+ 8. Nc3 e6 9. h3 Bh5 10. d5 exd5 11. Nd4 Bxe2 12. Qxe2+ Nge7 13. Nb3 Qd8 14. 0-0 d4 15. Ne4 Qc7 16. g3 f6 17. Bf4 Ne5 18. Rac1 d3 19. Qh5+ g6 20. Nxf6+ Kf7 21. Rxc7 gxh5 22. Bxe5 Bg7 23. Nd5 1-0

[Event "GER-chT U20"]
[Site "Duesseldorf"]
[Date "2017.12.29"]
[Round "6.3"]
[White "Lahouel, Kim Luca"]
[Black "Maeurer, Fabian"]
[Result "0-1"]
[WhiteElo "1718"]
[BlackElo "1968"]
[PlyCount "60"]
[EventDate "2017.12.27"]
[EventType "team-swiss"]
[EventRounds "7"]
[EventCountry "GER"]
[SourceTitle "CBM 182 Extra"]
[Source "ChessBase"]
[SourceDate "2018.02.23"]
[SourceVersion "1"]
[SourceVersionDate "2018.02.23"]
[SourceQuality "1"]
[WhiteTeam "Heilbronn U20"]
[BlackTeam "Frankenthal U20"]
[WhiteTeamCountry "GER"]
[BlackTeamCountry "GER"]

1. e4 d6 2. d4 Nf6 3. Nc3 g6 4. Be3 c6 5. Bd3 Nbd7 6. Nf3 Bg7 7. h3 e5 8. dxe5 dxe5 9. Qd2 0-0 10. 0-0-0 b5 11. g4 Qa5 12. Kb1 b4 13. Ne2 Nc5 14. Bxc5 Qxc5 15. Nc1 a5 16. Qe2 a4 17. Bc4 Nd7 18. Nd2 Nb6 19. Rhg1 Rb8 20. Rg2 Qd4 21. Qd3 Nxc4 22. Qxc4 Qxc4 23. Nxc4 Be6 24. Ne3 Rfd8 25. Rgg1 Bf8 26. Nd3 f6 27. h4 b3 28. c4 bxa2+ 29. Kxa2 Rd4 30. f3 Rb3 0-1

[Event "GER-chT U20"]
[Site "Duesseldorf"]
[Date "2017.12.28"]
[Round "4.3"]
[White "Lahouel, Kim Luca"]
[Black "Lueckerath, Moritz"]
[Result "0-1"]
[WhiteElo "1718"]
[BlackElo "1867"]
[PlyCount "100"]
[EventDate "2017.12.27"]
[EventType "team-swiss"]
[EventRounds "7"]
[EventCountry "GER"]
[SourceTitle "CBM 182 Extra"]
[Source "ChessBase"]
[SourceDate "2018.02.23"]
[SourceVersion "1"]
[SourceVersionDate "2018.02.23"]
[SourceQuality "1"]
[WhiteTeam "Heilbronn U20"]
[BlackTeam "Duesseldorf U20"]
[WhiteTeamCountry "GER"]
[BlackTeamCountry "GER"]

1. e4 c5 2. c3 d5 3. exd5 Qxd5 4. d4 Nf6 5. Nf3 e6 6. Be2 Nc6 7. 0-0 cxd4 8. cxd4 Be7 9. Nc3 Qd6 10. Nb5 Qd8 11. Bf4 Nd5 12. Bg3 0-0 13. Rc1 a6 14. Nc3 b6 15. a3 Bb7 16. Bc4 Na5 17. Ba2 Rc8 18. Qd3 Nxc3 19. Rxc3 Rxc3 20. bxc3 Bxa3 21. Bb1 g6 22. Bf4 Qd5 23. h4 Rc8 24. Re1 Qc4 25. Qxc4 Rxc4 26. Ne5 Rxc3 27. Nd7 Nc4 28. h5 Bc6 29. Nf6+ Kg7 30. Ng4 Nd6 31. Be5+ Kf8 32. d5 Rc4 33. Ne3 Bxd5 34. Nxc4 Nxc4 35. Bf6 b5 36. Bd3 Be7 37. Bd4 a5 38. Rb1 Bb4 39. Bf6 Ke8 40. h6 Kd7 41. Bc2 Kc6 42. Rd1 a4 43. Bg7 a3 44. Rc1 Kb6 45. Bd3 Bd6 46. Bd4+ Ka5 47. g3 Be5 48. Bxe5 Nxe5 49. Bc2 a2 50. f4 Ng4 0-1

[Event "GER-chT U20"]
[Site "Borken"]
[Date "2016.12.27"]
[Round "2.5"]
[White "Helmrich, Daniel"]
[Black "Lahouel, Kim Luca"]
[Result "1/2-1/2"]
[WhiteElo "1730"]
[BlackElo "1738"]
[PlyCount "71"]
[EventDate "2016.12.27"]
[EventType "team-swiss"]
[EventRounds "7"]
[EventCountry "GER"]
[SourceTitle "EXT 2018"]
[Source "ChessBase"]
[SourceDate "2017.10.13"]
[SourceVersion "1"]
[SourceVersionDate "2017.10.13"]
[SourceQuality "1"]
[WhiteTeam "Plauen Koenig"]
[BlackTeam "Heilbronn"]
[WhiteTeamCountry "GER"]
[BlackTeamCountry "GER"]

1. e4 d5 2. exd5 Nf6 3. d4 Bg4 4. f3 Bf5 5. Bb5+ Nbd7 6. Nc3 a6 7. Ba4 b5 8. Bb3 Nb6 9. Nge2 Nbxd5 10. Nxd5 Nxd5 11. Ng3 Bg6 12. 0-0 e6 13. Ne4 Be7 14. c3 0-0 15. Bd2 Rc8 16. Qe2 c6 17. Rac1 Qb6 18. Kh1 Rfd8 19. Qf2 a5 20. Bc2 a4 21. a3 Qc7 22. f4 Nb6 23. Rce1 Nc4 24. Bc1 Rd5 25. g4 c5 26. Nxc5 Bxc2 27. Qxc2 Bxc5 28. dxc5 Qxc5 29. Qe2 Rcd8 30. Rd1 Qc6 31. Rxd5 Qxd5+ 32. Qg2 Qd3 33. Rf3 Qd6 34. Rf1 Kf8 35. Qf2 Qd5+ 36. Qg2 1/2-1/2

[Event "GER-chT U20"]
[Site "Borken"]
[Date "2016.12.27"]
[Round "1.5"]
[White "Lahouel, Kim Luca"]
[Black "Bay, Nicolai"]
[Result "0-1"]
[WhiteElo "1738"]
[BlackElo "1973"]
[PlyCount "162"]
[EventDate "2016.12.27"]
[EventType "team-swiss"]
[EventRounds "7"]
[EventCountry "GER"]
[SourceTitle "EXT 2018"]
[Source "ChessBase"]
[SourceDate "2017.10.13"]
[SourceVersion "1"]
[SourceVersionDate "2017.10.13"]
[SourceQuality "1"]
[WhiteTeam "Heilbronn"]
[BlackTeam "Eppingen"]
[WhiteTeamCountry "GER"]
[BlackTeamCountry "GER"]

1. e4 c5 2. c3 d5 3. exd5 Qxd5 4. d4 Nc6 5. Nf3 e6 6. Be2 cxd4 7. cxd4 Nf6 8. 0-0 Be7 9. Nc3 Qd8 10. Be3 0-0 11. Rc1 Nd5 12. Nxd5 Qxd5 13. Bc4 Qa5 14. a3 Bf6 15. Qe2 Rd8 16. Rfd1 Ne7 17. Ba2 b6 18. Bb1 Bb7 19. h3 Qh5 20. Rd2 Bxf3 21. Qxf3 Qxf3 22. gxf3 Rd7 23. Be4 Rad8 24. f4 g6 25. b3 Kf8 26. a4 Nf5 27. d5 exd5 28. Bxf5 gxf5 29. Bd4 Bxd4 30. Rxd4 Re8 31. Rcd1 Re4 32. Rxd5 Rxd5 33. Rxd5 Rxf4 34. Rb5 Kg7 35. Kg2 Kg6 36. Kg3 Rd4 37. a5 bxa5 38. Rxa5 Rd3+ 39. f3 Rxb3 40. Rxa7 Rb4 41. f4 h6 42. Ra8 Kh5 43. Ra5 Rb3+ 44. Kg2 Kg6 45. Ra8 Re3 46. Rg8+ Kh7 47. Ra8 h5 48. Ra5 Kg6 49. Ra8 f6 50. Rb8 Ra3 51. Rc8 Ra4 52. Kg3 h4+ 53. Kf3 Ra3+ 54. Kg2 Rg3+ 55. Kh2 Rf3 56. Rc4 Re3 57. Rc2 Kf7 58. Rc7+ Re7 59. Rc2 Re4 60. Rf2 Ke6 61. Kg2 Ra4 62. Kf3 Ra3+ 63. Kg2 Kd5 64. Rb2 Ke4 65. Rb4+ Ke3 66. Rb6 Ra2+ 67. Kg1 Kxf4 68. Rxf6 Ra7 69. Kh2 Ra2+ 70. Kh1 Kg3 71. Rg6+ Kxh3 72. Kg1 Ra3 73. Kf2 Rg3 74. Rf6 Kg4 75. Rg6+ Kf4 76. Rh6 Kg5 77. Rh8 Ra3 78. Rg8+ Kf4 79. Rh8 Ra2+ 80. Kg1 Kf3 81. Rxh4 Kg3 0-1

[Event "Wuerttemberg-ch KT"]
[Site "Stuttgart"]
[Date "2016.09.04"]
[Round "9"]
[White "Lahouel, Kim Luca"]
[Black "Radek, Dieter"]
[Result "1-0"]
[WhiteElo "1706"]
[BlackElo "1962"]
[PlyCount "59"]
[EventDate "2016.08.27"]
[EventType "swiss"]
[EventRounds "9"]
[EventCountry "GER"]
[SourceTitle "EXT 2017"]
[Source "ChessBase"]
[SourceDate "2016.10.25"]
[SourceVersion "1"]
[SourceVersionDate "2016.10.25"]
[SourceQuality "1"]

1. e4 c5 2. c3 d6 3. d4 cxd4 4. cxd4 g6 5. Nf3 Bg7 6. Nc3 Nf6 7. Be2 0-0 8. 0-0 a6 9. a4 b6 10. Qb3 Nc6 11. Be3 a5 12. h3 Nb4 13. Rfd1 Bb7 14. Nd2 e6 15. Bf3 d5 16. e5 Nd7 17. Nb5 f6 18. exf6 Nxf6 19. Bf4 Ne4 20. Bc7 Nxd2 21. Rxd2 Qg5 22. Re2 Rac8 23. Bd6 Rf7 24. Bg4 Rf5 25. Bxf5 exf5 26. Bxb4 axb4 27. Qxb4 Rc1+ 28. Rxc1 Qxc1+ 29. Re1 Qf4 30. Qe7 1-0